Laboratory Zebrafish/ (Record no. 757518)

MARC details
000 -LEADER
fixed length control field 00383nam a22001457a 4500
020 ## - INTERNATIONAL STANDARD BOOK NUMBER
ISBN 978-0-367-62807-9
082 ## - DEWEY DECIMAL CLASSIFICATION NUMBER
Classification number 597.482WIL/L
100 ## - MAIN ENTRY--AUTHOR NAME
Personal name Wilson, Carole and Chu, David
245 ## - TITLE STATEMENT
Title Laboratory Zebrafish/
Statement of responsibility, etc by Carole Wilson and David Chu
250 ## - EDITION STATEMENT
Edition statement 2
260 ## - PUBLICATION, DISTRIBUTION, ETC. (IMPRINT)
Place of publication .-Boca Raton
Name of publisher :CRC Press
Year of publication ,2025
300 ## - PHYSICAL DESCRIPTION
Number of Pages 384p
942 ## - ADDED ENTRY ELEMENTS (KOHA)
Source of classification or shelving scheme Dewey Decimal Classification
Koha item type Book
Holdings
Withdrawn status Lost status Source of classification or shelving scheme Damaged status Not for loan Home Library Current Location Shelving location Date acquired Source of acquisition Full call number Accession Number Price effective from Koha item type
    Dewey Decimal Classification     Dept. of Aquatic Biology and Fisheries Dept. of Aquatic Biology and Fisheries Processing Center 10/03/2026 MBC/0841/2025 597.482WIL/L AQU6645 11/03/2026 Book